Statistiques concernant Focus sur: l'Italie

Cliquez ici pour prendre le quiz!

Statistiques générales

  • Ce quiz a été pris 201 fois
  • Le résultat moyen est 16 sur 21

Statistiques - réponses

Informations recherchéesRéponses% Correct
Langue officielleItalien
100%
Nom des habitants du paysItalien
100%
CapitaleRome
99%
Couleur du drapeau (milieu)Blanc
98%
Frontière terrestre OuestFrance
98%
Couleur du drapeau (droite)Rouge
98%
Couleur du drapeau (gauche)Vert
98%
MonnaieEuro
97%
Frontière terrestre Nord 1Suisse
97%
Nom des habitants de la capitaleRomain
96%
Frontière terrestre intérieure 2Vatican
92%
Frontière terrestre intérieure 1Saint-Marin
90%
Frontière terrestre Nord 2Autriche
88%
Frontière terrestre EstSlovénie
82%
Nombre d'habitants (arrondi à la dizaine de million près)60 589 445 habitants
51%
Nom completRépublique italienne
50%
Nombre d'habitants de la capitale (arrondi au million près)2 877 215 habitants
48%
Superficie (arrondi à la centaine de millier de kilomètres carrés près)301 336 kilomètres carrés
42%
Indicateur téléphonique+39
35%
Hymne nationalFratelli d’Italia
32%
Régime politiqueRépublique parlementaire
24%

Distribution des résultats

Percentile par nombre de réponses

% des personnes avec chaque résultat

Votre développement - résultats

Vous n’avez pas pris ce quiz